| 000 | 00479nam a2200169 a 4500 | ||
|---|---|---|---|
| 005 | 20140412111358.0 | ||
| 008 | 060126s19uu xx 00 eng d | ||
| 020 | _a0-439-51843-1 | ||
| 050 |
_aTR(PS E _bDa28 2002 |
||
| 100 | _aShannon, David | ||
| 245 |
_aDavid gets in trouble / _cby David Shannon. |
||
| 260 |
_aNew York : _bScholastic Inc, _c2002. |
||
| 300 | _a1 v. (unp.) ; ill. | ||
| 520 | _aLearning how to say sorry. | ||
| 650 | _aChildren stories | ||
| 999 |
_c105431 _d105431 |
||